BRICS - 2025 - Statystyki

Ogólne statystyki
  • Ten quiz został rozwiązany 22 razy
  • Średni wynik to 10 z 17
Statystyki odpowiedzi
BRICS Pańśtwo % Poprawnych
Członek BRCIS Chiny
100%
Członek BRCIS Indie
100%
Członek BRCIS Rosja
100%
Członek BRCIS Brazylia
95%
Członek BRCIS Iran
84%
Członek BRCIS RPA
84%
Członek BRCIS Egipt
68%
Państwo partnerskie Indonezja
63%
Państwo partnerskie Kazachstan
63%
Państwo partnerskie Białoruś
58%
Członek BRCIS Etiopia
53%
Członek BRCIS ZEA
47%
Państwo partnerskie Boliwia
32%
Państwo partenerskie Kuba
26%
Państwo partnerskie Malezja
26%
Państwo partnerskie Tajlandia
21%
Państwo partenerskie Uganda
11%
Nie znaleziono quizów pasujących do podanych kryteriów
Rozkład punktacji
Procent ludzi z każdym wynikiem
Percentyl według liczby udzielonych odpowiedzi
Twoja historia wyników
Nie rozwiązałeś tego quizu